00518nam a22001337a 4500020001600000082001000016100006100026245011200087260003800199300002600237650004200263700002200305856005700327 qHard Cover. a621.3 aAbdullah Akhtar ; Syed Ihraz Haider ; Yaseen Bin Firasat aAmerican Sign Language Recognition Using Camera /cAbdullah Akhtar ; Syed Ihraz Haider ; Yaseen Bin Firasat aIslamabad :bSEECS - NUST,c2019. a36 p. : ill. ;c30cm. aElectrical Engineering-Project Report aDr. Ahmad Salman. uhttp://10.250.8.41:8080/xmlui/handle/123456789/29577